| 000 | 00480nam a22001937a 4500 | ||
|---|---|---|---|
| 003 | MPLRDC | ||
| 005 | 20220104143230.0 | ||
| 008 | 210129b ||||| |||| 00| 0 eng d | ||
| 020 | _a962-388-192-4 | ||
| 082 | _a857.9 XYH-18 v.1 | ||
| 100 | _a萧玉寒 | ||
| 245 |
_a诸葛神兵. 上卷 _c |
||
| 250 | _a初版 | ||
| 260 |
_a _b星辉图书有限公司 _c1998 |
||
| 300 | _b平 | ||
| 490 | _a三国异侠传之二 | ||
| 650 | _a武侠小说 | ||
| 942 |
_cBK _o857.9 XYH-18 v.1 |
||
| 999 |
_c37898 _d37888 |
||